<?xml version="1.0" encoding="UTF-8"?>
<collection xmlns:xsi="http://www.w3.org/2001/XMLSchema-instance" xsi:schemaLocation="http://www.loc.gov/MARC21/slim http://www.loc.gov/standards/marcxml/schema/MARC21slim.xsd" xmlns="http://www.loc.gov/MARC21/slim">
 <record>
  <leader>00000cam a22000004i 4500</leader>
  <controlfield tag="001">UP-8027390931312503048</controlfield>
  <controlfield tag="003">Buklod</controlfield>
  <controlfield tag="005">20190320081623.0</controlfield>
  <controlfield tag="006">o--- |     ||   ||</controlfield>
  <controlfield tag="007">ta</controlfield>
  <controlfield tag="008">110307s2011    maum    rb   a001 0|eng d</controlfield>
  <datafield tag="020" ind1=" " ind2=" ">
   <subfield code="a">9781592536979</subfield>
  </datafield>
  <datafield tag="020" ind1=" " ind2=" ">
   <subfield code="a">1592536972</subfield>
  </datafield>
  <datafield tag="035" ind1=" " ind2=" ">
   <subfield code="a">(iLib)UPCEB-00011391094</subfield>
  </datafield>
  <datafield tag="040" ind1=" " ind2=" ">
   <subfield code="a">DLC</subfield>
   <subfield code="b">eng</subfield>
   <subfield code="e">rda</subfield>
   <subfield code="c">DLC</subfield>
   <subfield code="d">IG#</subfield>
   <subfield code="d">BTCTA</subfield>
   <subfield code="d">YDXCP</subfield>
   <subfield code="d">QBX</subfield>
   <subfield code="d">IHV</subfield>
   <subfield code="d">UKMGB</subfield>
   <subfield code="d">ABG</subfield>
   <subfield code="d">BDX</subfield>
   <subfield code="d">YBM</subfield>
   <subfield code="d">B@L</subfield>
   <subfield code="d">OKJ</subfield>
   <subfield code="d">OCLCF</subfield>
   <subfield code="d">OCLCQ</subfield>
   <subfield code="d">DILBD</subfield>
   <subfield code="d">FEM</subfield>
   <subfield code="d">CNGUL</subfield>
   <subfield code="d">DZA</subfield>
  </datafield>
  <datafield tag="041" ind1=" " ind2=" ">
   <subfield code="a">eng</subfield>
  </datafield>
  <datafield tag="050" ind1="0" ind2="0">
   <subfield code="a">TP859</subfield>
   <subfield code="b">C64 2011</subfield>
  </datafield>
  <datafield tag="082" ind1="0" ind2="0">
   <subfield code="a">748.2028</subfield>
   <subfield code="2">22</subfield>
  </datafield>
  <datafield tag="090" ind1=" " ind2="0">
   <subfield code="a">TP 859</subfield>
   <subfield code="b">C64 2011</subfield>
  </datafield>
  <datafield tag="100" ind1="1" ind2=" ">
   <subfield code="a">Cohen, Cecilia</subfield>
  </datafield>
  <datafield tag="245" ind1="1" ind2="4">
   <subfield code="a">The glass artist's studio handbook</subfield>
   <subfield code="b">traditional and contemporary techniques for working with glass</subfield>
   <subfield code="c">Cecilia Cohen.</subfield>
  </datafield>
  <datafield tag="264" ind1=" " ind2="1">
   <subfield code="a">Beverly, Massachusetts</subfield>
   <subfield code="b">Quarry Books</subfield>
   <subfield code="c">2011.</subfield>
  </datafield>
  <datafield tag="300" ind1=" " ind2=" ">
   <subfield code="a">176 pages</subfield>
   <subfield code="b">illustrations (chiefly color)</subfield>
   <subfield code="c">27 cm.</subfield>
  </datafield>
  <datafield tag="490" ind1="1" ind2=" ">
   <subfield code="a">Back yard series.</subfield>
  </datafield>
  <datafield tag="500" ind1=" " ind2=" ">
   <subfield code="a">Jay Nathan T. Jore(Recommending faculty) - Bookfair2017</subfield>
  </datafield>
  <datafield tag="504" ind1=" " ind2=" ">
   <subfield code="a">Includes bibliographical references and index.</subfield>
  </datafield>
  <datafield tag="505" ind1="0" ind2=" ">
   <subfield code="a">Starting from scratch : setting up your studio -- Planning the studio layout -- Studio infrastructure -- Planning the work area -- Storage -- Studio safety -- Glass studio tools and supplies -- Kilns -- Lampworking torches -- Hand tools and other supplies -- The simple start-up studio -- Exploring glass : basic techniques -- Selecting glass -- Cutting glass -- Drilling glass -- Stained glass -- Common stained glass processes -- More than glass -- Good design practices -- Troubleshooting and making repairs -- Stained glass project 1: stained glass flower: dahlia -- Stained glass project 2: open-topped agate box -- Stained glass project 3: decorative panel: at the beach -- Glass fusing -- Fusing glass -- Other materials -- Fusing kilns -- Basic kiln techniques -- Basic fusing techniques -- Special techniques -- Understanding and correcting common fusing mistakes -- Fusing project 1: fused pendant -- Fusing project 2: fused and slumped tea light dish -- Lampworking -- Selecting glass : soft vs. hard -- Before you light the torch -- Lighting the torch -- Extinguishing the torch -- Tricks of the trade -- Dealing with the unexpected -- Lampworking project 1: making a basic bead -- Lampworking project 2: decorative techniques -- Lampworking project 3: disks and hollow beads -- Annealing and batch annealing -- Melding skills and techniques : studio projects -- Stained glass pendant and earring set- wild roses -- Stained glass hibiscus treasure box -- Recycled bottle necklace -- Beaded stained glass panel: Jurassic jewel -- Stained glass kaleidoscope: fantastic journey -- Floral lampwork necklace: spring beauty -- Glass artist gallery.</subfield>
  </datafield>
  <datafield tag="520" ind1=" " ind2=" ">
   <subfield code="a">&quot;The Glass Artist's Studio Handbook offers readers a comprehensive and accessible guide to not only the nuts and bolts of this perennially popular craft but insight into the artisan crafter's lifestyle. Our book offers much, much more than &quot;just projects&quot;--It will fast become the go-to reference for all home crafters. Many glass art how-to books on the market provide precise patterns and instructions for projects that are fairly traditional in technique, materials and style. Completing a project from those books leaves you with a piece that is ideally identical to what the author created - and to what every other student using the book created. Many books are strong in the basics but do not do enough to challenge us to stretch our imagination, experiment with new styles, and explore materials. Readers want creative challenge and stimulation, and Quarry delivers with this complete glass art curriculum&quot;-- Provided by publisher.</subfield>
  </datafield>
  <datafield tag="650" ind1=" " ind2="0">
   <subfield code="a">Glass blowing and working.</subfield>
  </datafield>
  <datafield tag="650" ind1=" " ind2="4">
   <subfield code="a">Glass blowing and working.</subfield>
  </datafield>
  <datafield tag="830" ind1=" " ind2="0">
   <subfield code="a">Backyard series.</subfield>
  </datafield>
  <datafield tag="856" ind1="4" ind2="2">
   <subfield code="3">Contributor biographical information</subfield>
   <subfield code="u">http://catdir.loc.gov/catdir/enhancements/fy1107/2011005053-b.html</subfield>
  </datafield>
  <datafield tag="856" ind1="4" ind2="2">
   <subfield code="3">Publisher description</subfield>
   <subfield code="u">http://catdir.loc.gov/catdir/enhancements/fy1107/2011005053-d.html</subfield>
  </datafield>
  <datafield tag="905" ind1=" " ind2=" ">
   <subfield code="a">FO</subfield>
  </datafield>
  <datafield tag="852" ind1="0" ind2=" ">
   <subfield code="a">UPCEB</subfield>
   <subfield code="b">CEBU-LAHUG</subfield>
   <subfield code="h">TP 859 C64 2011</subfield>
  </datafield>
  <datafield tag="942" ind1=" " ind2=" ">
   <subfield code="a">Book</subfield>
  </datafield>
 </record>
</collection>
